Plant physiology (with 698 figures and 144 tables)
The book offers comprehensive treatment of the plant physiology. It begins with a detailed study of the cell as the basis for plant function, followed by the metabolic processes of photosynthesis and respiration. The book's 33 chapters also treat energy flow, differentiation, reproductive devel...
Đã lưu trong:
| 主要作者: | |
|---|---|
| 格式: | 图书 |
| 语言: | Undetermined |
| 出版: |
New York
Springer-Verlag
1995
|
| 主题: | |
| 标签: |
添加标签
没有标签, 成为第一个标记此记录!
|
| Thư viện lưu trữ: | Trung tâm Học liệu Trường Đại học Cần Thơ |
|---|
| LEADER | 01133nam a2200193Ia 4500 | ||
|---|---|---|---|
| 001 | CTU_19425 | ||
| 008 | 210402s9999 xx 000 0 und d | ||
| 082 | |a 581.1 | ||
| 082 | |b M699 | ||
| 100 | |a Hans Mohr | ||
| 245 | 0 | |a Plant physiology (with 698 figures and 144 tables) | |
| 245 | 0 | |c Hans Mohr, Peter Schopfer; Dịch giả: Gudrun, David W Lawlor | |
| 260 | |a New York | ||
| 260 | |b Springer-Verlag | ||
| 260 | |c 1995 | ||
| 520 | |a The book offers comprehensive treatment of the plant physiology. It begins with a detailed study of the cell as the basis for plant function, followed by the metabolic processes of photosynthesis and respiration. The book's 33 chapters also treat energy flow, differentiation, reproductive development, hormone action, regenerative potential, water relations and transport, movement, stress response, and crop physiology. This book features nearly 700 illustrations of exceptional clarity, uses SI units throughout, and highlights applied aspects of plant physiology processes | ||
| 650 | |a plant physiology | ||
| 904 | |i Minh, 971101 | ||
| 980 | |a Trung tâm Học liệu Trường Đại học Cần Thơ | ||